[Event "SK Münster 2 - SV Letmathe 1"]
[Site "NRW-Klasse, Gruppe 1 2014/201"]
[Date "2015.01.11"]
[Round "5.8"]
[White "Niermann, Rainer"]
[Black "Hunold, Rolf"]
[Result "0-1"]
[WhiteElo "2015"]
[BlackElo "1954"]
[PlyCount "112"]
[EventDate "2015.??.??"]
[WhiteTeam "SK Münster 2"]
[BlackTeam "SV Letmathe 1"]

1. e4 c5 2. Nc3 e6 3. g3 d6 4. Bg2 Nc6 5. d3 g6 6. Be3 Bg7 7. Qd2 Nd4 8. Nd1
Ne7 9. c3 Ndc6 10. Bh6 O-O 11. h4 Ne5 12. h5 f6 13. hxg6 hxg6 14. Ne3 Bxh6 15.
Rxh6 Kg7 16. Ne2 Nxd3+ 17. Kd1 Ne5 18. Kc2 Nf7 19. Rh2 Rh8 20. Rxh8 Qxh8 21.
Ng4 Qh5 22. Rh1 Qxg4 23. Rh4 Qxh4 24. gxh4 Bd7 25. f4 Rh8 26. e5 d5 27. exf6+
Kxf6 28. c4 d4 29. Nxd4 Rxh4 30. Bxb7 Ba4+ 31. b3 Be8 32. Nf3 Rh5 33. Qc3+ Kf5
34. Qe3 Kf6 35. Be4 Bc6 36. Qc3+ e5 37. fxe5+ Nxe5 38. Bxc6 N7xc6 39. Kb2 Rh3
40. Qd2 Rxf3 41. Qd6+ Kf5 42. Qc7 g5 43. Qc8+ Ke4 44. Qg8 g4 45. Ka3 Rf6 46.
Qd5+ Kf5 47. Qxc5 Rg6 48. Qf2+ Ke6 49. c5 g3 50. Qg2 Rg4 51. Kb2 Nb4 52. a3
Nbd3+ 53. Kc3 Nf4 54. Qb7 g2 55. Qc8+ Kf6 56. Qd8+ Kf5 0-1

[Event "SV Erkenschwick 1 - SG Niederkassel 1"]
[Site "NRW-Klasse, Gruppe 1 2014/201"]
[Date "2015.01.11"]
[Round "5.1"]
[White "Stanetzek, Carsten"]
[Black "Bitalzadeh, Ali"]
[Result "0-1"]
[WhiteElo "2193"]
[BlackElo "2338"]
[PlyCount "76"]
[EventDate "2015.??.??"]
[WhiteTeam "SG Niederkassel 1"]
[BlackTeam "SV Erkenschwick 1"]

1. e4 g6 2. d4 Bg7 3. Nf3 d6 4. Bd3 Nc6 5. c3 e5 6. Bg5 Nf6 7. dxe5 dxe5 8. Qe2
h6 9. Be3 O-O 10. Bc5 Re8 11. O-O Nh5 12. Rd1 Nf4 13. Qe3 b6 14. Ba3 Ba6 15.
Bc2 Qf6 16. g3 Ne6 17. Ba4 Red8 18. Rd5 Bb7 19. Nbd2 a6 20. Rd1 Kh7 21. h4 b5
22. Bc2 Re8 23. Nb3 b4 24. Bxb4 Nxb4 25. cxb4 Bxd5 26. exd5 Nd4 27. Nbxd4 exd4
28. Qd3 Rad8 29. Ba4 Re7 30. Bc6 Qd6 31. a3 Re3 32. Ng5+ hxg5 33. fxe3 Qxg3+
34. Kf1 dxe3 35. Qe2 Rd6 36. hxg5 Qxg5 37. Qh2+ Bh6 38. Ke2 Rf6 0-1

[Event "SV Erkenschwick 1 - SG Niederkassel 1"]
[Site "NRW-Klasse, Gruppe 1 2014/201"]
[Date "2015.01.11"]
[Round "5.2"]
[White "Jens, Jelmer"]
[Black "Rybarczyk, Klaus"]
[Result "0-1"]
[WhiteElo "2342"]
[BlackElo "2161"]
[PlyCount "80"]
[EventDate "2015.??.??"]
[WhiteTeam "SV Erkenschwick 1"]
[BlackTeam "SG Niederkassel 1"]

1. e4 c5 2. Nf3 d6 3. d4 cxd4 4. Nxd4 Nf6 5. Nc3 a6 6. f3 e6 7. Be3 b5 8. Qd2
Nbd7 9. g4 h6 10. O-O-O Bb7 11. h4 b4 12. Na4 Qa5 13. b3 Nc5 14. a3 Nxa4 15.
axb4 Qc7 16. bxa4 d5 17. e5 Nd7 18. f4 Nb6 19. Rh3 Nxa4 20. Bf2 Rc8 21. Be1 Be7
22. Re3 O-O 23. g5 a5 24. gxh6 g6 25. h5 Qb6 26. Qg2 Kh7 27. hxg6+ fxg6 28. Rb3
axb4 29. Bb5 Nc5 30. Rg3 Rg8 31. Bxb4 Ba6 32. Bxa6 Qxa6 33. Ra3 Qc4 34. Ra7
Qxb4 35. Rxe7+ Kh8 36. h7 Qa3+ 37. Kd2 Rgf8 38. Ke2 Ne4 39. Rb7 Ng3+ 40. Ke1
Qe3+ 0-1

[Event "SV Erkenschwick 1 - SG Niederkassel 1"]
[Site "NRW-Klasse, Gruppe 1 2014/201"]
[Date "2015.01.11"]
[Round "5.3"]
[White "Bussard, Christian"]
[Black "Erwich, Marc"]
[Result "1-0"]
[WhiteElo "2125"]
[BlackElo "2323"]
[Annotator "Hausrath,Daniel"]
[PlyCount "91"]
[EventDate "2015.??.??"]
[WhiteTeam "SG Niederkassel 1"]
[BlackTeam "SV Erkenschwick 1"]

1. d4 Nf6 2. c4 e6 3. Nf3 d5 4. Nc3 c6 5. cxd5 exd5 6. Bg5 Be7 7. e3 Ne4 8.
Bxe7 Qxe7 9. Nxe4 dxe4 10. Nd2 Bf5 11. Qb3 O-O 12. Rc1 a5 13. Be2 Qb4 14. a3
Qxb3 15. Nxb3 Nd7 16. Nc5 $11 Nxc5 17. Rxc5 Bd7 18. O-O Rfe8 19. Rd1 Kf8 20. h3
a4 21. Rd2 Ke7 22. Bd1 Kd6 23. Bc2 f5 24. Kh2 Be6 25. Bd1 Bd5 26. g4 Rf8 27.
Kg3 g5 28. gxf5 Rxf5 29. Rc1 Raf8 30. Bxa4 Rf3+ 31. Kg2 Be6 32. Rh1 R3f6 33.
Bc2 Bd5 34. Bd1 Rh6 35. Kg3 Rh4 36. Bg4 h5 37. Be2 Be6 38. Rh2 b6 39. Rc2 Bd5
40. Rc1 b5 41. Rc5 Rf6 42. Rh1 Rf8 43. Rhc1 Ke7 44. Rxc6 Bxc6 45. Rxc6 Rf5 46.
Rc5 1-0

[Event "SV Erkenschwick 1 - SG Niederkassel 1"]
[Site "NRW-Klasse, Gruppe 1 2014/201"]
[Date "2015.01.11"]
[Round "5.4"]
[White "Van Beek, Alexander"]
[Black "Broehl, Stephan"]
[Result "1-0"]
[WhiteElo "2336"]
[BlackElo "2132"]
[PlyCount "71"]
[EventDate "2015.??.??"]
[WhiteTeam "SV Erkenschwick 1"]
[BlackTeam "SG Niederkassel 1"]

1. e4 c6 2. d4 d5 3. e5 Bf5 4. Nf3 e6 5. Be2 Ne7 6. O-O h6 7. a4 Nd7 8. a5 a6
9. b4 Nc8 10. c3 Be7 11. Bd3 Bxd3 12. Qxd3 Na7 13. Ne1 Qc7 14. f4 g6 15. g4
O-O-O 16. f5 gxf5 17. gxf5 Rdg8+ 18. Kh1 Bg5 19. Bxg5 hxg5 20. Ra2 g4 21. Rg2
Qd8 22. f6 Rh3 23. Rg3 Rgh8 24. Rf2 Qf8 25. Rfg2 Qh6 26. Rxh3 gxh3 27. Rg1 Nf8
28. Nf3 Kd7 29. Nbd2 Nb5 30. Nb3 Kc7 31. Ng5 Qh5 32. Nxf7 Rh7 33. Ng5 Rh6 34.
Nc5 Rg6 35. Ncxe6+ Kb8 36. Nf4 1-0

[Event "SV Erkenschwick 1 - SG Niederkassel 1"]
[Site "NRW-Klasse, Gruppe 1 2014/201"]
[Date "2015.01.11"]
[Round "5.5"]
[White "Schienmann, Bruno"]
[Black "Erwich, Frank"]
[Result "1/2-1/2"]
[WhiteElo "2204"]
[BlackElo "2290"]
[PlyCount "144"]
[EventDate "2015.??.??"]
[WhiteTeam "SG Niederkassel 1"]
[BlackTeam "SV Erkenschwick 1"]

1. d4 Nf6 2. c4 e6 3. Nc3 Bb4 4. e3 b6 5. Nge2 Ne4 6. Bd2 Nxd2 7. Qxd2 O-O 8.
a3 Be7 9. d5 e5 10. e4 a5 11. Ng3 Na6 12. Rb1 g6 13. Bd3 Nc5 14. b4 Bg5 15. Qc2
Nxd3+ 16. Qxd3 axb4 17. axb4 d6 18. O-O Qe7 19. Ra1 Bb7 20. Nb5 Rfb8 21. Na7
Bh6 22. Ra2 Qg5 23. Rfa1 Rf8 24. Nb5 Rxa2 25. Rxa2 Bc8 26. Nxc7 Bd7 27. Ra7 Rc8
28. Ra8 Rxa8 29. Nxa8 Qd8 30. Qa3 Qb8 31. Ne2 Bd2 32. h3 Kf8 33. Ng3 Be8 34.
Nf1 Bg5 35. c5 bxc5 36. bxc5 dxc5 37. Qxc5+ Be7 38. Qa5 Kg7 39. Nc7 Bd7 40. Na6
Qa7 41. Ne3 Bg5 42. Ng4 Qd4 43. Qe1 Bb5 44. Nb8 h5 45. Nh2 Bd2 46. Qd1 Bf4 47.
Qe1 Bd2 48. Qd1 Ba5 49. Qb1 Bb6 50. Qe1 Bd3 51. Nd7 Bc7 52. Qc1 Bd6 53. Nf3
Qxe4 54. Qc6 Qb4 55. Qc1 Qc4 56. Qa1 f6 57. Nb6 Qa6 58. Qb2 Qb5 59. Qc3 e4 60.
Nc8 Qb1+ 61. Qe1 Qxe1+ 62. Nxe1 Bb4 63. Nxd3 exd3 64. Kf1 Kf7 65. f3 Bc5 66.
Ke1 Ke8 67. d6 Kd7 68. Ne7 Kxd6 69. Nxg6 Be3 70. g4 hxg4 71. fxg4 Ke6 72. Nh4
Kf7 1/2-1/2

[Event "SV Erkenschwick 1 - SG Niederkassel 1"]
[Site "NRW-Klasse, Gruppe 1 2014/201"]
[Date "2015.01.11"]
[Round "5.6"]
[White "Krings, Christoph"]
[Black "Riedel, Holger"]
[Result "1/2-1/2"]
[WhiteElo "2093"]
[BlackElo "2153"]
[PlyCount "48"]
[EventDate "2015.??.??"]
[WhiteTeam "SV Erkenschwick 1"]
[BlackTeam "SG Niederkassel 1"]

1. d4 e6 2. Nf3 Nf6 3. g3 b6 4. Bg2 Bb7 5. O-O Be7 6. c4 O-O 7. Nc3 Ne4 8. Qc2
Nxc3 9. Qxc3 Na6 10. a3 c5 11. Qc2 f5 12. d5 exd5 13. cxd5 d6 14. Rd1 Nc7 15.
b4 Qe8 16. bxc5 bxc5 17. Rb1 Ba6 18. Ne5 f4 19. Nc4 fxg3 20. hxg3 Qh5 21. Bf4
Rf6 22. Bf3 Qh3 23. Bg2 Qh5 24. Bf3 Qh3 1/2-1/2

[Event "SV Erkenschwick 1 - SG Niederkassel 1"]
[Site "NRW-Klasse, Gruppe 1 2014/201"]
[Date "2015.01.11"]
[Round "5.7"]
[White "Guelsen, Taylan"]
[Black "Eggenstein, Frank"]
[Result "1-0"]
[WhiteElo "1972"]
[BlackElo "1925"]
[PlyCount "47"]
[EventDate "2015.??.??"]
[WhiteTeam "SG Niederkassel 1"]
[BlackTeam "SV Erkenschwick 1"]

1. Nf3 Nf6 2. c4 g6 3. b4 d6 4. Bb2 Bg7 5. g3 O-O 6. Bg2 e5 7. O-O Nc6 8. b5
Ne7 9. d3 Nd7 10. Qc2 Nc5 11. Nbd2 Bd7 12. a4 a5 13. Rfc1 f5 14. Nb3 Nxb3 15.
Qxb3 c5 16. bxc6 Bxc6 17. c5+ Bd5 18. Qa3 Nc6 19. cxd6 Kh8 20. Qc5 Bg8 21. Nxe5
f4 22. Nxc6 bxc6 23. Bxg7+ Kxg7 24. Qe5+ 1-0

[Event "SV Erkenschwick 1 - SG Niederkassel 1"]
[Site "NRW-Klasse, Gruppe 1 2014/201"]
[Date "2015.01.11"]
[Round "5.8"]
[White "Strozewski, Frank"]
[Black "Freundlieb, Thomas"]
[Result "0-1"]
[WhiteElo "1941"]
[BlackElo "2049"]
[PlyCount "196"]
[EventDate "2015.??.??"]
[WhiteTeam "SV Erkenschwick 1"]
[BlackTeam "SG Niederkassel 1"]

1. c4 e5 2. Nc3 d6 3. e4 Nc6 4. d3 g6 5. g3 Bg7 6. Bg2 h5 7. h3 h4 8. g4 Nd4 9.
Nge2 Nxe2 10. Qxe2 Bh6 11. O-O Bxc1 12. Raxc1 g5 13. Nd5 c6 14. Ne3 c5 15. Qd2
Ne7 16. Nf5 Ng6 17. b4 Nf4 18. Rfe1 f6 19. Bf1 Qc7 20. Rb1 b6 21. a4 a5 22.
bxc5 bxc5 23. Rb3 Bd7 24. Reb1 Bc6 25. Rb6 Kd7 26. Ne3 Rhb8 27. Rxb8 Rxb8 28.
Rxb8 Qxb8 29. Qxa5 Qa8 30. Qxa8 Bxa8 31. a5 Bb7 32. f3 Kc7 33. Nf5 Bc8 34. Ne7
Be6 35. Kf2 Kb7 36. Ke3 Ka6 37. Nc6 Bc8 38. Kd2 Bb7 39. Ne7 Kxa5 40. Ng8 Kb4
41. Nxf6 Bc6 42. Ng8 Ne6 43. Nh6 Nd8 44. Nf5 Nf7 45. Be2 Bd7 46. Ne3 Bc6 47.
Bd1 Nd8 48. Nf5 Nf7 49. Ne7 Bb7 50. Kc2 Ba8 51. Kb2 Bb7 52. Nf5 Bc6 53. Ne3 Nd8
54. Bb3 Ne6 55. Nc2+ Ka5 56. Ne3 Nf4 57. Kc3 Nxh3 58. Bd1 Nf4 59. Kd2 Ba4 60.
Be2 Kb4 61. Bf1 h3 62. Bxh3 Nxh3 63. Nf5 Ng1 64. Ke3 Bc2 65. Nxd6 Bd1 66. Kd2
Bxf3 67. Ke3 Bxg4 68. Ne8 Be6 69. Nd6 Kc3 70. Ne8 Nh3 71. Nc7 Nf4 72. Nb5+ Kb4
73. Nc7 Kb3 74. Na6 Kc2 75. Nxc5 Bc8 76. Na4 Nxd3 77. c5 Bd7 78. Nb6 Nxc5 79.
Nc4 Nd3 80. Nd6 Be6 81. Ne8 Nb2 82. Ng7 Nc4+ 83. Kf3 Bd7 84. Nh5 Kd3 85. Nf6
Be6 86. Nh7 g4+ 87. Kg3 Kxe4 88. Nf6+ Kd3 89. Nh5 Nd6 90. Kf2 Nf5 91. Nf6 g3+
92. Ke1 e4 93. Nh5 Bc8 94. Nf4+ Ke3 95. Nd5+ Kf3 96. Nc3 g2 97. Ne2 Ba6 98.
Ng1+ Kg3 0-1

[Event "SG Niederkassel 1 - Oberhausener SV 1"]
[Site "NRW-Klasse, Gruppe 1 2014/201"]
[Date "2015.02.08"]
[Round "6.1"]
[White "Hort, Vlastimil"]
[Black "Stanetzek, Carsten"]
[Result "1-0"]
[WhiteElo "2391"]
[BlackElo "2193"]
[Annotator "Hausrath,Daniel"]
[PlyCount "44"]
[EventDate "2015.??.??"]
[WhiteTeam "Oberhausener SV 1"]
[BlackTeam "SG Niederkassel 1"]

1. d4 d5 2. Nf3 Nf6 3. c4 c6 4. Qb3 e6 5. Bg5 Qa5+ 6. Bd2 Qb6 7. Nc3 Nbd7 8. e3
Bd6 9. Qc2 Qc7 10. Rc1 a6 11. e4 dxe4 12. Nxe4 Nxe4 13. Qxe4 O-O 14. c5 Be7 15.
Bd3 Nf6 16. Qh4 Rd8 17. O-O h6 18. Ne5 Rd5 19. Bc4 Ne8 20. Qh5 g6 21. Qf3 Rxe5
22. dxe5 Qxe5 {Rest unleserlich!} 1-0

[Event "SG Niederkassel 1 - Oberhausener SV 1"]
[Site "NRW-Klasse, Gruppe 1 2014/201"]
[Date "2015.02.08"]
[Round "6.2"]
[White "Rybarczyk, Klaus"]
[Black "Becker, Marcel"]
[Result "1/2-1/2"]
[WhiteElo "2161"]
[BlackElo "2312"]
[PlyCount "33"]
[EventDate "2015.??.??"]
[WhiteTeam "SG Niederkassel 1"]
[BlackTeam "Oberhausener SV 1"]

1. Nf3 d5 2. g3 c6 3. Bg2 Nf6 4. O-O Bg4 5. Ne5 Bh5 6. c4 e6 7. cxd5 exd5 8. d4
Nbd7 9. Nd3 Bd6 10. Bf4 Qc7 11. Nc3 Bg6 12. Bxd6 Qxd6 13. Nf4 O-O 14. Nxg6 hxg6
15. Rb1 a5 16. a3 Rfe8 17. Qd3 1/2-1/2

[Event "SG Niederkassel 1 - Oberhausener SV 1"]
[Site "NRW-Klasse, Gruppe 1 2014/201"]
[Date "2015.02.08"]
[Round "6.3"]
[White "Kaufeld, Juergen"]
[Black "Bussard, Christian"]
[Result "1/2-1/2"]
[WhiteElo "2227"]
[BlackElo "2125"]
[PlyCount "120"]
[EventDate "2015.??.??"]
[WhiteTeam "Oberhausener SV 1"]
[BlackTeam "SG Niederkassel 1"]

1. d4 Nf6 2. c4 g6 3. g3 Bg7 4. Bg2 O-O 5. Nf3 d6 6. O-O Nbd7 7. Nc3 e5 8. e4
c6 9. h3 Qc7 10. Be3 Re8 11. Qc2 Nf8 12. Rfd1 Ne6 13. d5 cxd5 14. cxd5 Nf8 15.
Rac1 Bd7 16. Qb3 Qa5 17. a4 Rec8 18. Nd2 Ne8 19. Nc4 Qd8 20. Qb4 Qe7 21. Na5 b6
22. Nc6 Qf6 23. Rd3 Bxc6 24. dxc6 Rxc6 25. Rcd1 Rac8 26. Nb5 Qe7 27. Qa3 Ne6
28. h4 Bf8 29. Nc3 Qb7 30. Nd5 N6c7 31. Bh3 Rd8 32. Bg5 Rb8 33. Rf3 Nxd5 34.
Rxd5 Rc4 35. Qb3 Rxe4 36. Rd1 Rb4 37. Qe3 Qe4 38. Qc3 Rc4 39. Qb3 Qc2 40. a5
Qxb3 41. Rxb3 Rc5 42. axb6 Rxb6 43. Rxb6 axb6 44. Be3 Rc2 45. b4 Rb2 46. Rc1 f5
47. Rc8 Kf7 48. Bg2 Nf6 49. Bf1 Rxb4 50. Rc7+ Ke6 51. Ba6 Be7 52. Bg5 d5 53.
Rc6+ Kf7 54. Bc8 Rc4 55. Be6+ Kg7 56. Rxb6 Rc7 57. Bxf6+ Bxf6 58. Bxd5 e4 59.
Rb7 Rxb7 60. Bxb7 Bd4 1/2-1/2

[Event "SG Niederkassel 1 - Oberhausener SV 1"]
[Site "NRW-Klasse, Gruppe 1 2014/201"]
[Date "2015.02.08"]
[Round "6.4"]
[White "Broehl, Stephan"]
[Black "Litwak, Aleksej"]
[Result "0-1"]
[WhiteElo "2132"]
[BlackElo "2243"]
[PlyCount "76"]
[EventDate "2015.??.??"]
[WhiteTeam "SG Niederkassel 1"]
[BlackTeam "Oberhausener SV 1"]

1. e4 c5 2. Nf3 e6 3. d4 cxd4 4. Nxd4 Nf6 5. Nc3 Nc6 6. Ndb5 Bb4 7. a3 Bxc3+ 8.
Nxc3 d5 9. exd5 exd5 10. Bd3 O-O 11. O-O d4 12. Ne2 Bg4 13. f3 Bh5 14. Nf4 Bg6
15. Nxg6 hxg6 16. f4 Ne7 17. Qf3 Qd5 18. Bd2 Nf5 19. Rae1 Rfe8 20. Rxe8+ Rxe8
21. Qxd5 Nxd5 22. Re1 Rxe1+ 23. Bxe1 Nxf4 24. Bxf5 gxf5 25. Bf2 d3 26. cxd3
Nxd3 27. Bxa7 Nxb2 28. Kf2 Nc4 29. Bc5 f6 30. Ke2 Kf7 31. Kd3 Ne5+ 32. Kd4 Ke6
33. Bb4 g5 34. Be1 f4 35. h4 f3 36. hxg5 fxg5 37. Bf2 fxg2 38. Ke4 g4 0-1

[Event "SG Niederkassel 1 - Oberhausener SV 1"]
[Site "NRW-Klasse, Gruppe 1 2014/201"]
[Date "2015.02.08"]
[Round "6.5"]
[White "Nissen, Claus"]
[Black "Schienmann, Bruno"]
[Result "1/2-1/2"]
[WhiteElo "2116"]
[BlackElo "2204"]
[PlyCount "99"]
[EventDate "2015.??.??"]
[WhiteTeam "Oberhausener SV 1"]
[BlackTeam "SG Niederkassel 1"]

1. e4 e6 2. d4 d5 3. Nc3 Bb4 4. exd5 exd5 5. Bd3 Nc6 6. Nge2 Bg4 7. a3 Be7 8.
Be3 Bf6 9. Qd2 Qd7 10. h3 Bf5 11. g4 Bxd3 12. Qxd3 g6 13. O-O-O O-O-O 14. b3
Kb8 15. Bf4 h5 16. f3 Nge7 17. Kb1 Na5 18. Na4 b6 19. Qa6 Qc8 20. Qb5 Qd7 21.
Qa6 Qc8 22. Qb5 Ka8 23. Nb2 Nec6 24. b4 a6 25. Qd3 Nb7 26. Qxa6+ Na7 27. Nc3
Nd6 28. Qxc8+ Ndxc8 29. Bxc7 Rd7 30. Be5 Bxe5 31. dxe5 Ne7 32. Nc4 Nac8 33. Nd6
Nxd6 34. Nxd5 Nc4 35. Nxe7 Rxe7 36. f4 hxg4 37. hxg4 Nxa3+ 38. Kb2 Nc4+ 39. Kc3
Rxh1 40. Rxh1 Ne3 41. Kd4 Nxc2+ 42. Kd5 Nxb4+ 43. Kd6 Rb7 44. f5 gxf5 45. gxf5
Nd3 46. Rh7 Nxe5 47. Rh8+ Rb8 48. Rxb8+ Kxb8 49. Kxe5 b5 50. Kf6 1/2-1/2

[Event "SG Niederkassel 1 - Oberhausener SV 1"]
[Site "NRW-Klasse, Gruppe 1 2014/201"]
[Date "2015.02.08"]
[Round "6.6"]
[White "Riedel, Holger"]
[Black "Ciornei, Dragos"]
[Result "1-0"]
[WhiteElo "2153"]
[BlackElo "2077"]
[PlyCount "99"]
[EventDate "2015.??.??"]
[WhiteTeam "SG Niederkassel 1"]
[BlackTeam "Oberhausener SV 1"]

1. Nf3 g6 2. d4 Nf6 3. b4 Bg7 4. Bb2 O-O 5. g3 d6 6. Bg2 c5 7. dxc5 dxc5 8.
Qxd8 Rxd8 9. b5 a6 10. Na3 axb5 11. Nxb5 Nc6 12. O-O Bf5 13. c4 Ra4 14. Ne5 Be4
15. Rfd1 Rxd1+ 16. Rxd1 Bxg2 17. Kxg2 Rxa2 18. Nxc6 bxc6 19. Rd8+ Bf8 20. Bxf6
exf6 21. Nc3 Rc2 22. Ne4 Kg7 23. Nxf6 Kxf6 24. Rxf8 Rxc4 25. Rc8 Ke6 26. Rxc6+
Kd5 27. Rc7 Re4 28. Kf3 Re6 29. Rxf7 h5 30. e4+ Kd4 31. Rd7+ Kc3 32. Ke3 c4 33.
f4 Kc2 34. e5 c3 35. Rc7 Re8 36. h3 Kb2 37. Rb7+ Kc1 38. g4 hxg4 39. hxg4 Rc8
40. f5 gxf5 41. gxf5 c2 42. Rh7 Kb2 43. Rh2 Kc3 44. Rxc2+ Kxc2 45. f6 Kc3 46.
f7 Kc4 47. e6 Rf8 48. Ke4 Kc5 49. Ke5 Kc6 50. e7 1-0

[Event "SG Niederkassel 1 - Oberhausener SV 1"]
[Site "NRW-Klasse, Gruppe 1 2014/201"]
[Date "2015.02.08"]
[Round "6.7"]
[White "Voge, Andreas"]
[Black "Guelsen, Taylan"]
[Result "1/2-1/2"]
[WhiteElo "2076"]
[BlackElo "1972"]
[PlyCount "58"]
[EventDate "2015.??.??"]
[WhiteTeam "Oberhausener SV 1"]
[BlackTeam "SG Niederkassel 1"]

1. e4 e6 2. d3 d5 3. Nd2 Nf6 4. Ngf3 Nc6 5. g3 dxe4 6. dxe4 e5 7. Bg2 Bg4 8. h3
Bh5 9. O-O Bc5 10. c3 O-O 11. Qc2 a5 12. Nc4 Bxf3 13. Bxf3 b5 14. Ne3 Qd7 15.
Kg2 Ne8 16. Bg4 Qd8 17. Nd5 f5 18. exf5 Qxd5+ 19. Bf3 Qd6 20. Rd1 Qf6 21. Qb3+
Kh8 22. Qxb5 Qxf5 23. Qxc6 e4 24. Qxe4 Qxe4 25. Bxe4 Rxf2+ 26. Kh1 Rb8 27. b3
Nf6 28. Bg2 Nh5 29. Bf4 Nxf4 1/2-1/2

[Event "SG Niederkassel 1 - Oberhausener SV 1"]
[Site "NRW-Klasse, Gruppe 1 2014/201"]
[Date "2015.02.08"]
[Round "6.8"]
[White "Kneutgen, Alexander"]
[Black "Weyh, Thomas"]
[Result "1/2-1/2"]
[WhiteElo "1976"]
[BlackElo "1991"]
[PlyCount "82"]
[EventDate "2015.??.??"]
[WhiteTeam "SG Niederkassel 1"]
[BlackTeam "Oberhausener SV 1"]

1. e4 e5 2. Nf3 Nc6 3. Bb5 a6 4. Ba4 Nf6 5. d4 exd4 6. O-O Be7 7. Re1 b5 8. Bb3
d6 9. Bd5 Nxd5 10. exd5 Ne5 11. Nxd4 O-O 12. Nc6 Nxc6 13. dxc6 Be6 14. Nc3 d5
15. Ne2 Qd6 16. Nd4 Bf6 17. c3 Bxd4 18. cxd4 Qxc6 19. Bf4 Qd7 20. Rc1 Rac8 21.
b4 Rfe8 22. Qc2 Bf5 23. Qc3 c6 24. Rxe8+ Rxe8 25. Re1 f6 26. Rxe8+ Qxe8 27. Qe3
Qe4 28. Qxe4 dxe4 29. Kf1 Kf7 30. Ke1 Ke6 31. Kd2 g5 32. Bc7 Bg4 33. Bd8 h6 34.
Bc7 f5 35. g3 Kd5 36. Kc3 Bh3 37. Be5 Ke6 38. Kd2 h5 39. Bc7 Kd5 40. Kc3 Bf1
41. h4 gxh4 1/2-1/2

[Event "SV Letmathe 1 - SV Erkenschwick 1"]
[Site "NRW-Klasse, Gruppe 1 2014/201"]
[Date "2015.02.08"]
[Round "6.1"]
[White "Bitalzadeh, Ali"]
[Black "Podzielny, Karl-Heinz"]
[Result "0-1"]
[WhiteElo "2338"]
[BlackElo "2423"]
[PlyCount "70"]
[EventDate "2015.??.??"]
[WhiteTeam "SV Erkenschwick 1"]
[BlackTeam "SV Letmathe 1"]

1. c4 Nf6 2. Nc3 g6 3. d4 Bg7 4. e4 d6 5. Bg5 O-O 6. Qd2 Na6 7. Bd3 e5 8. d5
Nc5 9. Bc2 a5 10. O-O-O Bd7 11. f3 Qb8 12. Be3 a4 13. Nge2 Rc8 14. h4 c6 15. h5
cxd5 16. hxg6 fxg6 17. Nxd5 Nxd5 18. Qxd5+ Be6 19. Qxd6 Qxd6 20. Rxd6 Bxc4 21.
Nc3 Bf8 22. Bxc5 Rxc5 23. Rd7 b5 24. a3 h5 25. Rb7 Rd8 26. g4 hxg4 27. fxg4
Rdc8 28. Rd1 R5c7 29. Rxc7 Rxc7 30. Rd8 Kg7 31. Rb8 Bc5 32. Nxb5 Be3+ 33. Kb1
Rf7 34. Bxa4 Rf1+ 35. Kc2 Rc1# 0-1

[Event "SV Letmathe 1 - SV Erkenschwick 1"]
[Site "NRW-Klasse, Gruppe 1 2014/201"]
[Date "2015.02.08"]
[Round "6.2"]
[White "Adamski, Jan"]
[Black "Jens, Jelmer"]
[Result "1-0"]
[WhiteElo "2276"]
[BlackElo "2342"]
[PlyCount "31"]
[EventDate "2015.??.??"]
[WhiteTeam "SV Letmathe 1"]
[BlackTeam "SV Erkenschwick 1"]

1. Nf3 f5 2. c4 Nf6 3. Nc3 g6 4. d3 Bg7 5. e4 fxe4 6. dxe4 c5 7. h3 O-O 8. e5
Nh5 9. Nd5 Rxf3 10. Qxf3 Bxe5 11. Bg5 Nc6 12. O-O-O d6 13. Qe3 Ng7 14. Nxe7+
Nxe7 15. Qxe5 Ngf5 16. Bxe7 1-0

[Event "SV Letmathe 1 - SV Erkenschwick 1"]
[Site "NRW-Klasse, Gruppe 1 2014/201"]
[Date "2015.02.08"]
[Round "6.3"]
[White "Erwich, Marc"]
[Black "Soukup, Jiri"]
[Result "1-0"]
[WhiteElo "2323"]
[BlackElo "2315"]
[PlyCount "79"]
[EventDate "2015.??.??"]
[WhiteTeam "SV Erkenschwick 1"]
[BlackTeam "SV Letmathe 1"]

1. e4 c5 2. Nf3 e6 3. d4 cxd4 4. Nxd4 a6 5. c4 d6 6. Nc3 Ne7 7. Be2 Nbc6 8. Nc2
Ng6 9. O-O Be7 10. Be3 O-O 11. Qd2 Re8 12. f4 Bf8 13. Na4 Rb8 14. Nb6 Qc7 15.
b4 Nce7 16. Rad1 Rd8 17. a4 f5 18. exf5 Nxf5 19. Bf2 Qf7 20. g4 Nfh4 21. Bg3
Be7 22. Nd4 Bf6 23. Qe1 Qc7 24. a5 Qe7 25. Nb3 h6 26. Bd3 Bd7 27. Qe2 Bc6 28.
b5 Be8 29. Rde1 Bf7 30. Qf2 axb5 31. Nd5 exd5 32. Rxe7 Bxe7 33. cxb5 Rbc8 34.
Nd2 Rc3 35. Bb1 Be8 36. f5 Bxb5 37. fxg6 Bxf1 38. Qf7+ Kh8 39. Qxe7 Rdc8 40.
Kxf1 1-0

[Event "SV Letmathe 1 - SV Erkenschwick 1"]
[Site "NRW-Klasse, Gruppe 1 2014/201"]
[Date "2015.02.08"]
[Round "6.4"]
[White "Gruermann, Martin"]
[Black "Erwich, Frank"]
[Result "1/2-1/2"]
[WhiteElo "2090"]
[BlackElo "2290"]
[Annotator "Hausrath,Daniel"]
[PlyCount "144"]
[EventDate "2015.??.??"]
[WhiteTeam "SV Letmathe 1"]
[BlackTeam "SV Erkenschwick 1"]

1. d4 Nf6 2. Nc3 d5 3. Bg5 c5 4. Nf3 Nc6 5. e3 Bg4 6. Be2 e6 7. O-O Rc8 8. e4
dxe4 9. Nxe4 cxd4 10. c3 Bxf3 11. Bxf3 Be7 12. cxd4 O-O 13. Be3 Nd5 14. Nc3
Nxe3 15. fxe3 Qb6 16. Qe2 Na5 17. Rac1 Nc4 18. b3 Nd6 19. Na4 Qa5 20. Rc5 Rxc5
21. Nxc5 b6 22. Nb7 Nxb7 23. Bxb7 Qc3 24. Ba6 Bg5 25. Kf2 Rd8 26. Rd1 Rd5 27.
Bd3 g6 28. Qc2 Qb4 29. Be4 $11 Rd8 30. Bf3 Qd6 31. g3 h5 32. Qc6 Qa3 33. Rd2 h4
34. Rc2 hxg3+ 35. hxg3 Kg7 36. Qe4 Rh8 37. Kg2 Qb4 38. Re2 Qc3 39. Qc2 Qa1 40.
Kf2 Rh2+ 41. Bg2 Qh1 42. Kf3 Qg1 43. Qd2 Bh6 44. d5 Qb1 45. Qb2+ Qxb2 46. Rxb2
exd5 47. g4 Bg5 48. Rd2 d4 49. Rxd4 Bxe3 50. Rd7 a5 51. Kg3 Rh7 52. Bd5 Kf6 53.
a4 Bc5 54. Kf4 g5+ 55. Ke4 Kg6 56. Rb7 Rh3 57. Bxf7+ Kf6 58. Kd5 Rxb3 59. Be8
Rd3+ 60. Kc6 Rd4 61. Rf7+ Ke6 62. Rf5 Rxa4 63. Rxg5 Rb4 64. Bd7+ Kf6 65. Rf5+
Kg6 66. Be8+ Kg7 67. g5 a4 68. Rf7+ Kg8 69. Ra7 Rg4 70. g6 a3 71. Bf7+ Kf8 72.
Kd7 Rg2 1/2-1/2

[Event "SV Letmathe 1 - SV Erkenschwick 1"]
[Site "NRW-Klasse, Gruppe 1 2014/201"]
[Date "2015.02.08"]
[Round "6.5"]
[White "Homs, Guust"]
[Black "Haude, Ruediger"]
[Result "1-0"]
[WhiteElo "2162"]
[BlackElo "2010"]
[PlyCount "123"]
[EventDate "2015.??.??"]
[WhiteTeam "SV Erkenschwick 1"]
[BlackTeam "SV Letmathe 1"]

1. e4 c5 2. c3 d5 3. exd5 Qxd5 4. d4 Nf6 5. Nf3 e6 6. Be2 Qd8 7. O-O Nc6 8. Bg5
Qc7 9. Re1 Be7 10. Na3 a6 11. Nc4 O-O 12. a4 Nd5 13. Bxe7 Qxe7 14. Nfe5 cxd4
15. Nxc6 bxc6 16. Qxd4 c5 17. Qe5 Qf6 18. Bf3 Qxe5 19. Rxe5 Rb8 20. Bxd5 exd5
21. Rxd5 Be6 22. Rxc5 Bxc4 23. Rxc4 Rxb2 24. Rd1 g6 25. g3 Re8 26. Rd6 Ree2 27.
Rf4 Re6 28. Rd8+ Kg7 29. Rd7 Rf6 30. Rxf6 Kxf6 31. Rd6+ Ke5 32. Rxa6 Rb3 33.
Ra7 Ke6 34. c4 Rb4 35. c5 Rc4 36. Ra5 Kd5 37. Kg2 h6 38. Kf3 f5 39. c6+ Kd6 40.
Ra6 g5 41. c7+ Kxc7 42. Rxh6 Rxa4 43. Rh5 g4+ 44. Ke3 Ra3+ 45. Ke2 Rf3 46. h3
Ra3 47. Rxf5 Ra2+ 48. Kf1 gxh3 49. Kg1 Ra8 50. Kh2 Rh8 51. Rf4 Kd6 52. Rh4 Rf8
53. f4 Ke6 54. Kxh3 Kf5 55. Rh5+ Kg6 56. Ra5 Rf6 57. Kg4 Rb6 58. Rd5 Kh6 59.
Kf5 Rb7 60. Rd6+ Kg7 61. Kg5 Kh7 62. g4 1-0